[Event "DSOL 06 Liga Gr-D 1st"]
[Site "Playchess.com INT"]
[Date "2020.08.14"]
[Round "2.2"]
[White "Jahn, Bruno"]
[Black "Hoffmann, Kay"]
[Result "0-1"]
[WhiteElo "1496"]
[BlackElo "1692"]
[PlyCount "56"]
[EventDate "2020.06.22"]
[EventType "team-tourn (rapid)"]
[EventCountry "GER"]
[SourceTitle "EXT 2021"]
[Source "ChessBase"]
[SourceDate "2020.10.23"]
[SourceVersion "1"]
[SourceVersionDate "2020.10.23"]
[SourceQuality "1"]
[WhiteTeam "Kreuzberg II"]
[BlackTeam "Barnim"]
[WhiteTeamCountry "GER"]
[BlackTeamCountry "GER"]

1. e4 d5 2. exd5 Qxd5 3. Nc3 Qa5 4. Nf3 Nf6 5. d4 Bg4 6. Be2 Nc6 7. 0-0 0-0-0 8. Be3 e5 9. Ng5 Bxe2 10. Qxe2 exd4 11. Nxf7 Bb4 12. Nxh8 Rxh8 13. Bxd4 Nxd4 14. Qc4 Qc5 15. Qxc5 Bxc5 16. Na4 Bd6 17. Nc3 Nxc2 18. Rac1 Nd4 19. f3 Re8 20. Rfe1 Kd7 21. Rxe8 Kxe8 22. Kf2 Kd7 23. g3 a6 24. a3 Ne6 25. Rd1 Kc6 26. f4 Ng4+ 27. Kg1 Bc5+ 28. Kf1 Ne3+ 0-1